| 000 | 01126nas a2200373 4500 | ||
|---|---|---|---|
| 001 | BR0503897 | ||
| 003 | BR-BrBNA | ||
| 005 | 20231205105532.0 | ||
| 007 | ta | ||
| 008 | 230509b bl.|||p| |||| 00| 00por d | ||
| 040 |
_aBR-BrBNA _bpor _cBiblioteca Nacional de Agricultura |
||
| 041 | _a(Pt) | ||
| 072 | _aU10 | ||
| 100 | 1 | _aLopes, F.C.F. | |
| 100 | 1 | _aAroeira, L.J.M. | |
| 100 | 1 | _aRodriguez, N.M. | |
| 100 | 1 | _aSampaio, I.B.M. | |
| 100 | 1 | _aDeresz, F. | |
| 100 | 1 | _aBorges, I. | |
| 100 | 1 | _aBerchielli, T.T. | |
| 245 | 1 | _aPredição do consumo de pastos de capim-Elefante (Pennisetum purpureum, Schumack)por vacas mestiças Holandês x Zebu em lactação | |
| 650 | _aGADO LEITEIRO | ||
| 650 | _aPRODUÇÃO LEITEIRA | ||
| 650 | _aLACTAÇÃO | ||
| 650 | _aCAPIM ELEFANTE | ||
| 650 | _aPASTAGEM | ||
| 650 | _aCONSUMO | ||
| 650 | _aSUPLEMENTO ALIMENTAR | ||
| 650 | _aPASTEJO | ||
| 650 | _aMATÉRIA SECA | ||
| 773 | 0 |
_tRevista Brasileira de Zootecnia (Brazil) _xISSN 1516-3598 _g(May-Jun 2005), v. 34(3) p. 1017-1028 _wBR0503897 |
|
| 909 |
_a202311 _bLúcia _c55 _dLúcia Elande |
||
| 942 |
_2AGRIS _n0 _cANA |
||
| 999 |
_c183442 _d183442 |
||